NHL- Put A Name To The Number - Statistics

General Stats
  • This quiz has been taken 1,186 times
    1,180 since last reset
  • The average score is 10 of 40
Answer Stats
Hint Answer % Correct
99 Wayne Gretzky
94%
33 Patrick Roy
67%
87 Sidney Crosby
56%
9 Gordie Howe
53%
77 Ray Bourque
52%
19 Joe Sakic
45%
19 Steve Yzerman
44%
4 Bobby Orr
41%
30 Martin Brodeur
38%
8 Alexander Ovechkin
37%
9 Maurice Richard
34%
11 Mark Messier
29%
10 Guy LaFleur
27%
16 Brett Hull
26%
9 Bobby Hull
24%
39 Dominik Hasek
23%
7 Paul Coffey
23%
66 Mario Lemeiux
22%
10 Pavel Bure
19%
93 Doug Gilmour
18%
9 Mike Modano
18%
1 Jacques Plante
17%
4 Jean Beliveau
17%
29 Ken Dryden
14%
21 Stan Mikita
14%
17 Jari Kurri
13%
11 Marcel Dionne
13%
24 Chris Chelios
12%
1 Terry Sawchuk
11%
35 Tony Esposito
11%
16 Bobby Clarke
10%
30 Ed Belfour
9%
8 Cam Neely
8%
19 Bryan Trottier
7%
27 Jeremy Roenick
6%
16 Pat LaFontaine
6%
31 Billy Smith
4%
11 Gilbert Perreault
4%
7 Tim Horton
4%
5 Boom Boom Geoffrion
1%
No matching quizzes found
Score Distribution
Percent of People with Each Score
Percentile by Number Answered
Your Score History
You have not taken this quiz since the last reset